Rabbit hill / (Record no. 25800)
[ view plain ]
| 000 -LEADER | |
|---|---|
| fixed length control field | 01035cam a2200349 i 4500 |
| 003 - CONTROL NUMBER IDENTIFIER | |
| control field | XX-XxUND |
| 005 - DATE AND TIME OF LATEST TRANSACTION | |
| control field | 20260205142001.0 |
| 008 - FIXED-LENGTH DATA ELEMENTS--GENERAL INFORMATION | |
| fixed length control field | 790308s1972 nyua j 000 0 eng d |
| 001 - CONTROL NUMBER | |
| control field | 4724076 |
| 010 ## - LIBRARY OF CONGRESS CONTROL NUMBER | |
| Canceled/invalid LC control number | 44008234 |
| 020 ## - INTERNATIONAL STANDARD BOOK NUMBER | |
| International Standard Book Number | 0670586757 |
| 035 ## - SYSTEM CONTROL NUMBER | |
| System control number | (Sirsi) i9780670586752 |
| 040 ## - CATALOGING SOURCE | |
| Original cataloging agency | MFM |
| Transcribing agency | MFM |
| Modifying agency | m.c. |
| -- | GZD |
| 049 ## - LOCAL HOLDINGS (OCLC) | |
| Holding library | GZDd,gzdg |
| Notes about holdings | 01413749 |
| 099 ## - LOCAL FREE-TEXT CALL NUMBER (OCLC) | |
| Classification number | X |
| 082 ## - DEWEY DECIMAL CLASSIFICATION NUMBER | |
| Classification number | NEWBERY/1945 |
| 092 ## - LOCALLY ASSIGNED DEWEY CALL NUMBER (OCLC) | |
| Classification number | NEWBERY/1945 |
| 100 1# - MAIN ENTRY--PERSONAL NAME | |
| Personal name | Lawson, Robert, |
| Dates associated with a name | 1892-1957. |
| 9 (RLIN) | 8523 |
| 245 10 - TITLE STATEMENT | |
| Title | Rabbit hill / |
| Statement of responsibility, etc | by Robert Lawson. |
| 260 ## - PUBLICATION, DISTRIBUTION, ETC. (IMPRINT) | |
| Place of publication, distribution, etc | New York : |
| Name of publisher, distributor, etc | The Viking press, |
| Date of publication, distribution, etc | 1972. |
| 300 ## - PHYSICAL DESCRIPTION | |
| Extent | 127 p. : |
| Other physical details | ill. ; |
| Dimensions | 24 cm. |
| 490 ## - SERIES STATEMENT | |
| Series statement | Newbery |
| 500 ## - GENERAL NOTE | |
| General note | "First published September 1944." |
| 520 ## - SUMMARY, ETC. | |
| Summary, etc | New folks are coming to live in the Big House. The animals of Rabbit Hill wonder if they will plant a garden and thus be good providers. |
| 598 ## - | |
| -- | NEWBERY |
| 650 ## - SUBJECT ADDED ENTRY--TOPICAL TERM | |
| Topical term or geographic name as entry element | Newbery Medal |
| 650 #0 - SUBJECT ADDED ENTRY--TOPICAL TERM | |
| Topical term or geographic name as entry element | Animals |
| Form subdivision | Juvenile fiction. |
| 9 (RLIN) | 5678723 |
| 942 ## - ADDED ENTRY ELEMENTS (KOHA) | |
| Koha item type | BOOK |
| 979 ## - | |
| -- | 392403 |
| 998 ## - LOCAL CONTROL INFORMATION (RLIN) | |
| -- | a53411 |
| Withdrawn status | Lost status | Source of classification or shelving scheme | Damaged status | Not for loan | Collection code | Home library | Current library | Shelving location | Date acquired | Source of acquisition | Cost, normal purchase price | Total Checkouts | Full call number | Barcode | Date last seen | Date checked out | Cost, replacement price | Price effective from | Koha item type |
|---|---|---|---|---|---|---|---|---|---|---|---|---|---|---|---|---|---|---|---|
| Dewey Decimal Classification | Junior Fiction | Wasatch County Library | Wasatch County Library | Main Floor Junior Area | 02/26/2007 | Amazon | 5.99 | 15 | J Lawson | 34301000626236 | 01/25/2024 | 12/12/2018 | 5.99 | 03/20/2020 | BOOK |
